000 00470nam a2200193Ia 4500
005 20250425161343.0
008 250425s9999 xx 000 0 und d
041 _aeng
082 _a368.22
100 _aWINTER, WILLIAM
245 0 _aMARINE INSURANCE: ITS PRINCIPLES AND PRACTICE
250 _a3RD ED.
260 _aEstados Unidos
_bMCGRAW HILL
_c1952
260 _aNEW YORK
300 _a551
650 _aSEGUROS MARITIMOS
942 _c01
010 _a18388
999 _c207525
_d207525